[Event "ROM-chT"]
[Site "Baile Govora"]
[Date "2017.11.15"]
[Round "5.1"]
[White "Nevednichy, Vladislav"]
[Black "Andreescu, Darie Ioan"]
[Result "0-1"]
[WhiteElo "2534"]
[BlackElo "2299"]
[PlyCount "62"]
[EventDate "2017.11.11"]
[EventType "team-tourn"]
[EventRounds "9"]
[EventCountry "ROU"]
[SourceTitle "CBM 181 Extra"]
[Source "ChessBase"]
[SourceDate "2017.12.12"]
[SourceVersion "1"]
[SourceVersionDate "2017.12.12"]
[SourceQuality "1"]
[WhiteTeam "Iasi Politehnica"]
[BlackTeam "Targoviste"]
[WhiteTeamCountry "ROU"]
[BlackTeamCountry "ROU"]

1. e4 e6 2. Nf3 d5 3. e5 c5 4. b4 cxb4 5. a3 Nc6 6. d4 Nh6 7. axb4 Bxb4+ 8. c3 Be7 9. Bxh6 gxh6 10. Bd3 Bd7 11. 0-0 a6 12. Ne1 Bf8 13. f4 Ne7 14. g4 h5 15. g5 Bb5 16. Bxb5+ axb5 17. Na3 Ra5 18. Qb3 Nf5 19. Nec2 Bxa3 20. Rxa3 Rxa3 21. Qxa3 h6 22. Rb1 hxg5 23. Rxb5 gxf4 24. Rxb7 f3 25. Kf1 Rg8 26. Ne1 Ne3+ 27. Kf2 Qh4+ 28. Kxf3 Qe4+ 29. Kf2 Nd1+ 30. Kf1 Rg1+ 31. Kxg1 Qxe1+ 0-1

[Event "ROM-chT"]
[Site "Baile Govora"]
[Date "2017.11.14"]
[Round "4.1"]
[White "Manolache, Marius"]
[Black "Andreescu, Darie Ioan"]
[Result "1-0"]
[WhiteElo "2492"]
[BlackElo "2299"]
[PlyCount "47"]
[EventDate "2017.11.11"]
[EventType "team-tourn"]
[EventRounds "9"]
[EventCountry "ROU"]
[SourceTitle "CBM 181 Extra"]
[Source "ChessBase"]
[SourceDate "2017.12.12"]
[SourceVersion "1"]
[SourceVersionDate "2017.12.12"]
[SourceQuality "1"]
[WhiteTeam "Timisoara Medicina"]
[BlackTeam "Targoviste"]
[WhiteTeamCountry "ROU"]
[BlackTeamCountry "ROU"]

1. d4 d5 2. Nf3 Nf6 3. c4 c6 4. e3 Bf5 5. Nc3 e6 6. Nh4 Be4 7. f3 Bg6 8. g3 Be7 9. Qb3 Qc7 10. Bd2 Bh5 11. Be2 Nfd7 12. e4 dxc4 13. Qxc4 b5 14. Nxb5 Qd8 15. Nc3 Bxh4 16. gxh4 Qxh4+ 17. Kd1 0-0 18. Kc2 Nb6 19. Qc5 f5 20. Rag1 fxe4 21. Rxg7+ Kxg7 22. Bh6+ Kxh6 23. Qxf8+ Kg5 24. Rg1+ 1-0

[Event "ROM-chT"]
[Site "Baile Govora"]
[Date "2017.11.13"]
[Round "3.1"]
[White "Andreescu, Darie Ioan"]
[Black "Andronescu, Madalin"]
[Result "0-1"]
[WhiteElo "2299"]
[BlackElo "2173"]
[PlyCount "90"]
[EventDate "2017.11.11"]
[EventType "team-tourn"]
[EventRounds "9"]
[EventCountry "ROU"]
[SourceTitle "CBM 181 Extra"]
[Source "ChessBase"]
[SourceDate "2017.12.12"]
[SourceVersion "1"]
[SourceVersionDate "2017.12.12"]
[SourceQuality "1"]
[WhiteTeam "Targoviste"]
[BlackTeam "Buzau Phoenix"]
[WhiteTeamCountry "ROU"]
[BlackTeamCountry "ROU"]

1. d4 Nf6 2. c4 g6 3. g3 Bg7 4. Bg2 0-0 5. Nc3 d6 6. Nf3 c6 7. 0-0 Nbd7 8. h3 e5 9. e4 Qe7 10. Re1 Ne8 11. Bg5 f6 12. Be3 f5 13. dxe5 dxe5 14. exf5 gxf5 15. Qd2 Qf7 16. Ng5 Qg6 17. Kh2 Nd6 18. Bf1 Nb6 19. b3 f4 20. Bc5 Qxg5 21. gxf4 Rxf4 22. Bxd6 Qh4 23. Bc5 Bxh3 24. Bxh3 Rf3 25. Re3 Qxh3+ 26. Kg1 e4 27. Rae1 Be5 28. Nxe4 Bh2+ 29. Kh1 Bf4+ 30. Kg1 Bxe3 31. Rxe3 Rxe3 32. Bxe3 Qg4+ 33. Ng3 h5 34. Kh2 h4 35. Ne2 Nd7 36. Qd6 Rf8 37. Nf4 Nf6 38. Ne6 Re8 39. Nc7 h3 40. Qg3 Qxg3+ 41. Kxg3 Re7 42. Na8 Rh7 43. Kh2 Ng4+ 44. Kh1 Rd7 45. f3 Rd1+ 0-1

[Event "Arad op 8th"]
[Site "Arad"]
[Date "2015.08.09"]
[Round "5"]
[White "Andreescu, Darie Ioan"]
[Black "Petrisor, Adrian Marian"]
[Result "0-1"]
[WhiteElo "2125"]
[BlackElo "2388"]
[PlyCount "80"]
[EventDate "2015.08.06"]
[EventType "swiss"]
[EventRounds "9"]
[EventCountry "ROU"]
[SourceTitle "CBM 167 Extra"]
[Source "ChessBase"]
[SourceDate "2015.09.14"]
[SourceVersion "1"]
[SourceVersionDate "2015.09.14"]
[SourceQuality "1"]

1. d4 d6 2. Nf3 g6 3. c4 Bg7 4. g3 Nd7 5. Bg2 e5 6. Nc3 Ne7 7. 0-0 0-0 8. e4 exd4 9. Nxd4 Nc6 10. Nde2 a5 11. Rb1 Nde5 12. b3 f5 13. Bb2 fxe4 14. Nxe4 Bf5 15. f4 Ng4 16. Bxg7 Kxg7 17. Qd2 h6 18. Rbe1 Qb8 19. Nd4 Qa7 20. c5 dxc5 21. Nxc6 bxc6 22. Qc3+ Kg8 23. Qc4+ Kh8 24. h3 Bxe4 25. Bxe4 Nf6 26. Bxg6 Rad8 27. f5 Rd4 28. Qc1 c4 29. Qxh6+ Kg8 30. Qe3 Nd5 31. Qe6+ Kh8 32. Kh1 Nf6 33. Qe3 Qc5 34. bxc4 Qxc4 35. Rc1 Qd5+ 36. Qf3 Ne4 37. Qh5+ Kg7 38. Qh7+ Kf6 39. Rf3 Ng5 40. Rxc6+ Qxc6 0-1

[Event "Arad op 8th"]
[Site "Arad"]
[Date "2015.08.06"]
[Round "1"]
[White "Andreescu, Darie Ioan"]
[Black "Balog, Imre1111"]
[Result "0-1"]
[WhiteElo "2125"]
[BlackElo "2537"]
[PlyCount "92"]
[EventDate "2015.08.06"]
[EventType "swiss"]
[EventRounds "9"]
[EventCountry "ROU"]
[SourceTitle "CBM 167 Extra"]
[Source "ChessBase"]
[SourceDate "2015.09.14"]
[SourceVersion "1"]
[SourceVersionDate "2015.09.14"]
[SourceQuality "1"]

1. d4 Nf6 2. c4 g6 3. g3 Bg7 4. Bg2 c5 5. d5 d6 6. Nc3 0-0 7. Nf3 e6 8. 0-0 exd5 9. cxd5 Bg4 10. Nd2 Qd7 11. a4 Bh3 12. Nc4 Bxg2 13. Kxg2 Qe7 14. f3 Na6 15. Bf4 Rfd8 16. g4 Nxg4 17. Bxd6 Rxd6 18. fxg4 Rd7 19. Qd3 Nb4 20. Qf3 Bxc3 21. bxc3 Nxd5 22. Rad1 Rad8 23. Kg1 Qe6 24. e4 Nf6 25. Rxd7 Rxd7 26. Qxf6 Qxc4 27. Qe5 Rd8 28. a5 Rf8 29. Rb1 Qe2 30. g5 Qe3+ 31. Kh1 Qd3 32. Re1 Qb5 33. Qc7 c4 34. h4 Qb2 35. Qg3 Qa2 36. h5 gxh5 37. Qe5 Qf2 38. Rb1 h4 39. Qf5 Qg3 40. Rxb7 h3 41. Qf1 Qxc3 42. Rxa7 Qe3 43. Re7 c3 44. Kh2 Qc5 45. Rb7 c2 46. Qc1 Qd6+ 0-1

[Event "ROM-ch U16"]
[Site "Calimanesti"]
[Date "2015.04.03"]
[Round "6"]
[White "Andreescu, Darie Ioan"]
[Black "Patrascu, Catalin Lucian"]
[Result "1-0"]
[WhiteElo "2167"]
[BlackElo "2174"]
[PlyCount "85"]
[EventDate "2015.03.30"]
[EventType "swiss"]
[EventRounds "9"]
[EventCountry "ROU"]
[SourceTitle "CBM 165 Extra"]
[Source "ChessBase"]
[SourceDate "2015.04.21"]
[SourceVersion "1"]
[SourceVersionDate "2015.04.21"]
[SourceQuality "1"]

1. d4 d5 2. c4 dxc4 3. Nf3 Nf6 4. e3 e6 5. Bxc4 a6 6. a4 b6 7. 0-0 Bb7 8. Nc3 Bb4 9. Bd2 0-0 10. Qe2 Nbd7 11. Rfd1 Qe7 12. Rac1 Rfd8 13. Be1 c5 14. Ba2 h6 15. Ne5 cxd4 16. exd4 Nf8 17. Bb1 Rac8 18. f3 Nd5 19. Be4 Nf4 20. Qf1 f6 21. Nc4 f5 22. Bxb7 Qxb7 23. Ne3 Rd7 24. Bg3 N4g6 25. Bf2 Rdc7 26. Na2 Be7 27. Rxc7 Rxc7 28. d5 f4 29. Nc4 exd5 30. Nxb6 d4 31. Bxd4 Kh7 32. Nc3 Ne6 33. Bf2 Bc5 34. Nbd5 Bxf2+ 35. Qxf2 Rc4 36. Qe2 Qc6 37. h3 Qc5+ 38. Kh2 Nd4 39. Qd3 Nc6 40. Ne4 Qd4 41. Qe2 Qa7 42. Qxc4 Nce5 43. Qc7 1-0

[Event "ROM-chT2"]
[Site "Calimanesti"]
[Date "2014.11.10"]
[Round "3.2"]
[White "Bogdan, Dan"]
[Black "Andreescu, Darie Ioan"]
[Result "1-0"]
[WhiteElo "2382"]
[BlackElo "2295"]
[PlyCount "125"]
[EventDate "2014.11.08"]
[EventType "team-tourn"]
[EventRounds "9"]
[EventCountry "ROU"]
[SourceTitle "CBM 163 Extra"]
[Source "ChessBase"]
[SourceDate "2014.12.23"]
[SourceVersion "1"]
[SourceVersionDate "2014.12.23"]
[SourceQuality "1"]
[WhiteTeam "Satu Mare Apollo"]
[BlackTeam "Targoviste University"]
[WhiteTeamCountry "ROU"]
[BlackTeamCountry "ROU"]

1. c4 Nf6 2. g3 g6 3. Bg2 d5 4. Nf3 Bg7 5. 0-0 dxc4 6. Qa4+ Nfd7 7. Qxc4 0-0 8. d4 Nc6 9. Rd1 Nb6 10. Qc2 Bg4 11. e3 Qd5 12. Nbd2 Qh5 13. Re1 Nb4 14. Qb1 c5 15. a3 Nc6 16. dxc5 Qxc5 17. b4 Qb5 18. Bb2 Bxb2 19. Qxb2 Rfd8 20. Rec1 Rd7 21. h3 Bf5 22. Bf1 Bd3 23. Rc5 Na4 24. Rxb5 Nxb2 25. Rc5 Bxf1 26. Kxf1 a6 27. b5 axb5 28. Rxb5 Na4 29. Rc1 Ra5 30. Rxa5 Nxa5 31. Ke2 f6 32. Ne4 Nc6 33. Nc5 Nxc5 34. Rxc5 Kf7 35. Nd2 Ke6 36. Rb5 Kd6 37. Ne4+ Kc7 38. Nc5 Rd5 39. Rxb7+ Kc8 40. Rb5 Rh5 41. h4 Na7 42. Ra5 Nc6 43. Ra8+ Kc7 44. Ne6+ Kd6 45. Nf4 Rb5 46. Nd3 g5 47. hxg5 Rxg5 48. Ra6 Ra5 49. Rxa5 Nxa5 50. Nb2 Kc5 51. Kd3 Nb7 52. Na4+ Kb5 53. Nc3+ Kc5 54. e4 e6 55. f3 Nd6 56. e5 Nf7 57. exf6 Kd6 58. Ne4+ Kd7 59. a4 Ne5+ 60. Ke3 Nf7 61. Kf4 h6 62. a5 Kc6 63. g4 1-0

[Event "ROM-chT2"]
[Site "Calimanesti"]
[Date "2014.11.09"]
[Round "2.2"]
[White "Andreescu, Darie Ioan"]
[Black "Ciobanu, Viorel Adrian"]
[Result "1-0"]
[WhiteElo "2295"]
[BlackElo "2185"]
[PlyCount "83"]
[EventDate "2014.11.08"]
[EventType "team-tourn"]
[EventRounds "9"]
[EventCountry "ROU"]
[SourceTitle "CBM 163 Extra"]
[Source "ChessBase"]
[SourceDate "2014.12.23"]
[SourceVersion "1"]
[SourceVersionDate "2014.12.23"]
[SourceQuality "1"]
[WhiteTeam "Targoviste University"]
[BlackTeam "Galati Diana"]
[WhiteTeamCountry "ROU"]
[BlackTeamCountry "ROU"]

1. d4 Nf6 2. c4 g6 3. g3 Bg7 4. Bg2 0-0 5. Nc3 d6 6. Nf3 Nbd7 7. 0-0 e5 8. e4 c6 9. Bh3 exd4 10. Nxd4 Re8 11. Be3 Nc5 12. Qc2 a5 13. Rad1 Nfd7 14. b3 Qe7 15. Rfe1 h5 16. Nde2 Nf6 17. Bg5 Ne6 18. Bc1 Nh7 19. f4 Nc5 20. Ba3 h4 21. g4 g5 22. Bc1 gxf4 23. Bxf4 Be5 24. Qd2 Be6 25. Nd4 Rad8 26. Nce2 Bxf4 27. Nxf4 Qg5 28. Rf1 Bc8 29. Rde1 Ne6 30. Ndxe6 Bxe6 31. Kh1 a4 32. Qb4 axb3 33. axb3 Qc5 34. Qd2 b5 35. Nh5 bxc4 36. Qh6 Qe5 37. bxc4 Bxc4 38. Rf5 Re6 39. Qc1 Qd4 40. Rd1 Bd3 41. Nf4 d5 42. Rxd3 1-0

[Event "Iasi op"]
[Site "Iasi"]
[Date "2014.05.13"]
[Round "4"]
[White "Andreescu, Darie Ioan"]
[Black "Daianu, Cristian Clement"]
[Result "0-1"]
[WhiteElo "2014"]
[BlackElo "2203"]
[PlyCount "120"]
[EventDate "2014.05.10"]
[EventType "swiss"]
[EventRounds "9"]
[EventCountry "ROU"]
[SourceTitle "CBM 160 Extra"]
[Source "ChessBase"]
[SourceDate "2014.07.01"]
[SourceVersion "1"]
[SourceVersionDate "2014.07.01"]
[SourceQuality "1"]

1. d4 Nf6 2. c4 g6 3. g3 Bg7 4. Bg2 d5 5. cxd5 Nxd5 6. Nf3 Nc6 7. Nc3 Nb6 8. e3 0-0 9. 0-0 Re8 10. Re1 a5 11. Qe2 Bg4 12. h3 Be6 13. Nd2 a4 14. Rb1 Nb4 15. a3 Nc6 16. Nce4 Qc8 17. Kh2 Bd5 18. f4 Na5 19. Nc5 Bxg2 20. Qxg2 Ra7 21. Nf3 Nc6 22. Bd2 Nd7 23. Rbc1 Nxc5 24. Rxc5 e6 25. Rec1 Ra6 26. Ng5 Rb6 27. Be1 Rb3 28. R5c3 Rxc3 29. Rxc3 Ne7 30. Rc4 Nd5 31. Qe2 Qd7 32. Ne4 Qb5 33. Rc2 Qxe2+ 34. Rxe2 Bf8 35. Kg2 Rd8 36. Kf3 f6 37. Rc2 Rd7 38. g4 Kf7 39. Ng3 Nb6 40. Ba5 Na8 41. Ne4 h6 42. Rc4 f5 43. Nf2 b6 44. Bc3 b5 45. Rc6 Rd6 46. Nd3 Rxc6 47. Ne5+ Ke8 48. Nxc6 Nb6 49. Na7 Kd7 50. d5 Nxd5 51. Nxb5 c6 52. Nd4 Nxc3 53. bxc3 Bxa3 54. Nc2 Bb2 55. Nb4 Bxc3 56. Na2 Ba5 57. h4 c5 58. h5 fxg4+ 59. Kxg4 gxh5+ 60. Kxh5 Bd2 0-1

[Event "Iasi op"]
[Site "Iasi"]
[Date "2014.05.12"]
[Round "3"]
[White "Bulgariu, Andrei"]
[Black "Andreescu, Darie Ioan"]
[Result "0-1"]
[WhiteElo "1548"]
[BlackElo "2014"]
[PlyCount "82"]
[EventDate "2014.05.10"]
[EventType "swiss"]
[EventRounds "9"]
[EventCountry "ROU"]
[SourceTitle "CBM 160 Extra"]
[Source "ChessBase"]
[SourceDate "2014.07.01"]
[SourceVersion "1"]
[SourceVersionDate "2014.07.01"]
[SourceQuality "1"]

1. e4 c5 2. Nc3 Nc6 3. g3 g6 4. Bg2 Bg7 5. d3 d6 6. Nge2 e6 7. f4 Nge7 8. 0-0 0-0 9. h3 Rb8 10. g4 f5 11. g5 Nd4 12. Ng3 b5 13. Nce2 Bb7 14. c3 Nxe2+ 15. Qxe2 Qd7 16. Be3 Rbe8 17. Kh2 a5 18. h4 b4 19. Bd2 Ba6 20. Rh1 fxe4 21. Nxe4 Nd5 22. Raf1 Ne7 23. Kg1 Nf5 24. Rf3 Qa7 25. Kf1 c4 26. dxc4 d5 27. Qf2 Bxc4+ 28. Ke1 Qc7 29. Nc5 bxc3 30. Bxc3 d4 31. Ne4 dxc3 32. Nxc3 Nd4 33. Rfh3 e5 34. Kd1 exf4 35. Be4 Rxe4 36. Nxe4 Be2+ 37. Qxe2 Nxe2 38. Kxe2 Qc2+ 39. Nd2 Re8+ 40. Kf3 Qd3+ 41. Kf2 Qxd2+ 0-1

[Event "ROM-ch U14"]
[Site "Calimanesti"]
[Date "2014.04.10"]
[Round "6"]
[White "Ciorica, Mihai Vlad"]
[Black "Andreescu, Darie Ioan"]
[Result "0-1"]
[WhiteElo "1878"]
[BlackElo "2030"]
[PlyCount "89"]
[EventDate "2014.04.06"]
[EventType "swiss"]
[EventRounds "9"]
[EventCountry "ROU"]
[SourceTitle "CBM 160 Extra"]
[Source "ChessBase"]
[SourceDate "2014.07.01"]
[SourceVersion "1"]
[SourceVersionDate "2014.07.01"]
[SourceQuality "1"]

1. e4 c5 2. Nf3 d6 3. d4 cxd4 4. Nxd4 Nf6 5. Nc3 g6 6. Be3 Bg7 7. f3 Nc6 8. Qd2 0-0 9. Bc4 Bd7 10. 0-0-0 Rb8 11. h4 b5 12. Bb3 Na5 13. Bh6 Bxh6 14. Qxh6 e5 15. Nde2 b4 16. Nd5 Nxb3+ 17. axb3 Nxd5 18. Rxd5 Rb6 19. f4 Bg4 20. Ng3 Be6 21. Rd3 exf4 22. Qxf4 Ra6 23. Re1 Qc7 24. Ne2 Rc8 25. Nd4 Ra5 26. Kd2 Rc5 27. Rc1 Re5 28. c4 bxc3+ 29. Rdxc3 Qa5 30. Kd1 Rxc3 31. Rxc3 Qa1+ 32. Kc2 Qe1 33. Nxe6 Rxe6 34. Re3 Qb4 35. g3 Qd4 36. Kc1 Kg7 37. Kc2 h5 38. Kc1 Re5 39. Kc2 Rc5+ 40. Rc3 Re5 41. Rc4 Qb6 42. Kc3 Rb5 43. b4 a5 44. Kc2 axb4 45. Qd2 0-1

[Event "ROM-ch U14"]
[Site "Calimanesti"]
[Date "2013.04.08"]
[Round "9"]
[White "Benedek, Istvan"]
[Black "Andreescu, Darie Ioan"]
[Result "1/2-1/2"]
[WhiteElo "1741"]
[BlackElo "1905"]
[PlyCount "86"]
[EventDate "2013.04.02"]
[EventType "swiss"]
[EventRounds "9"]
[EventCountry "ROU"]
[SourceTitle "CBM 153 Extra"]
[Source "ChessBase"]
[SourceDate "2013.04.22"]
[SourceVersion "1"]
[SourceVersionDate "2013.04.22"]
[SourceQuality "1"]

1. e4 c5 2. Nf3 d6 3. d4 cxd4 4. Nxd4 Nf6 5. Nc3 g6 6. Be3 Bg7 7. f3 Nc6 8. Qd2 0-0 9. 0-0-0 d5 10. Qe1 e5 11. Nxc6 bxc6 12. exd5 Nxd5 13. Bc5 Bh6+ 14. Kb1 Nxc3+ 15. bxc3 Rb8+ 16. Ka1 Qa5 17. Bxf8 Be6 18. c4 Qxe1 19. Rxe1 Bd2 20. a4 Bxe1 21. Ba3 Bc3+ 22. Ka2 f5 23. Be2 Bd4 24. Rd1 Kf7 25. f4 Kf6 26. fxe5+ Bxe5 27. g3 h5 28. Bd3 Bd4 29. h4 Bf7 30. Bc1 Be6 31. Bg5+ Kf7 32. Rb1 Rxb1 33. Kxb1 Bf6 34. Be3 a6 35. Bf4 Bc3 36. Ka2 Bd4 37. Kb3 Bc5 38. Be2 Ke7 39. Kc3 Bd7 40. Kb3 Be8 41. Bf3 Kd7 42. Kc3 Bf7 43. Kd3 Be8 1/2-1/2

[Event "ROM-ch U14"]
[Site "Calimanesti"]
[Date "2013.04.04"]
[Round "4"]
[White "Andreescu, Darie Ioan"]
[Black "Arsene, Marinel"]
[Result "1-0"]
[WhiteElo "1905"]
[BlackElo "1403"]
[PlyCount "109"]
[EventDate "2013.04.02"]
[EventType "swiss"]
[EventRounds "9"]
[EventCountry "ROU"]
[SourceTitle "CBM 153 Extra"]
[Source "ChessBase"]
[SourceDate "2013.04.22"]
[SourceVersion "1"]
[SourceVersionDate "2013.04.22"]
[SourceQuality "1"]

1. e4 c5 2. c3 d6 3. d4 cxd4 4. cxd4 Nf6 5. Nc3 Bd7 6. h3 e6 7. Nf3 h6 8. Bd3 Bc6 9. Qe2 Be7 10. 0-0 0-0 11. Re1 Re8 12. Bf4 a6 13. a4 Bf8 14. Rad1 Qe7 15. Qd2 Qd7 16. Bc2 Qc7 17. Qd3 g6 18. Qd2 Kh7 19. e5 Ng8 20. exd6 Bxd6 21. Bxd6 Qxd6 22. Ne5 Qf8 23. Qf4 Kg7 24. d5 Bxd5 25. Nxd5 exd5 26. Rxd5 Nf6 27. Rd3 Nc6 28. Rf3 Qd6 29. Rfe3 Nxe5 30. Rxe5 Rxe5 31. Qxe5 Qxe5 32. Rxe5 Rd8 33. Re7 Rd7 34. Rxd7 Nxd7 35. f4 b6 36. Kf2 Kf6 37. Ke3 Nc5 38. b4 Nd7 39. Ke4 Ke7 40. Kd5 Nb8 41. a5 bxa5 42. bxa5 Kd7 43. Ba4+ Kc7 44. Be8 g5 45. g3 f6 46. Ke6 Kd8 47. Ba4 gxf4 48. gxf4 Kc7 49. f5 Nc6 50. Bxc6 Kxc6 51. Kxf6 Kb5 52. Kg6 Kxa5 53. f6 Kb4 54. f7 a5 55. f8Q+ 1-0

[Event "Arad op"]
[Site "Arad"]
[Date "2012.07.27"]
[Round "8"]
[White "Andreescu, Darie Ioan"]
[Black "Dicu, Razvan Stefan"]
[Result "0-1"]
[WhiteElo "1750"]
[BlackElo "2176"]
[PlyCount "54"]
[EventDate "2012.07.27"]
[EventType "swiss"]
[EventRounds "9"]
[EventCountry "ROU"]
[SourceTitle "CBM 149 Extra"]
[Source "ChessBase"]
[SourceDate "2012.08.24"]
[SourceVersion "1"]
[SourceVersionDate "2012.08.24"]
[SourceQuality "1"]

1. e4 e6 2. d4 d5 3. Nc3 Bb4 4. e5 c5 5. a3 Ba5 6. b4 cxd4 7. Qg4 Ne7 8. bxa5 dxc3 9. Qxg7 Rg8 10. Qxh7 Nbc6 11. Nf3 Qc7 12. Bf4 Bd7 13. a6 b6 14. Bd3 0-0-0 15. Bg3 Rh8 16. Qxf7 Rdg8 17. Qf6 Be8 18. Nh4 Rh5 19. Be2 Nd4 20. Bd3 Qc5 21. Qf4 Bb5 22. Qe3 Rg4 23. Nf3 Nef5 24. Bxf5 Rxf5 25. Nxd4 Rxd4 26. Qh6 Kd7 27. f3 Qc4 0-1